000 02301nam a22003977a 4500
003 dpl
005 2008090303483.0
007 DVD
008 050907s2005 cau105 g 00| 0 eng d
010 _aDVD-000779-781
024 _a27041
_c399.00
035 _aDVD-000779-781
040 _aDPL
_cDPL
092 _aDVD / HIGH
245 _aHigh School Musical :
_h[videorecording] DVD /
_cWalt Disney Pictures Presents
_bThe Concert- Extreme Access Pass
260 _bWalt Disney Home Entertainment
300 _a1 videocassette (56:46 min.)
_bsd., col. ;
_c4-3/4 in.
_fDVD
440 _aWalt Disney Home Entertainment
500 _aDistributor in India Excel Production Audiovisuals Pvt. Ltd. Mumbai
500 _aConcert Extras: Jordan Pruitt, High School Musical: On the Road, Sneak Peek of High School Musical 2, U Direct Muklti-Angle Concert Features
508 _aDirector of photography, Oliver Wood ; art directors, Shepherd Frankel, Don Macaulay ; editor, William Hoy ; music, Miri Ben-Ari, John Ottman ; costume designer, Jose Fernandez, Wendy Partridge ; production designer, Bill Boes ; visual effects supervisors
538 _aDolby digital 2.0, English, Spanish, Portuguese Subtitles: English,Japanese, Trad Chinese, Malasian, Thai, Bahasan, Spanishj
538 _aAspect Ratio 1:78.1,Presentation Type: Letter Box, Presentation Size: 4x3 , Format: DVD 9 Dual Layer Single Sided Disc. Layer Transition may trigger a slight pause.
650 _aMotion Picture
700 _aBleu, Corbin
700 _aColeman, Monique
700 _aCrabeel, Lucas
700 _aHudgens, Vanessa
700 _aTisdale, Ashley
700 _aMorphos, Paul
942 _cCF
_2ddc
_hDVD
_mHIGH
999 _c16025
_d16025